00740cam a2200217Ia 4500020001500000020001800015040000800033082002600041245005800067260007100125300003400196500009200230650001100322650002100333650001100354700002500365700002500390700002100415710004500436710004100481 a0943088100 a9780943088105 cAGL 4a581 AME 1987 A032 Or.10aPlant senescence :bits biochemistry and physiology / aRockville, Md. :bAmerican Society of Plant Physiologists,cc1987. axiv, 255 p. :bill. ;c23 cm. aProceedings sponsored by the Department of Botany and Plant Sciences, UCR ... [et al.]. 0aPlants 0aPlant physiology 0aPlants1 aThomson, William W.,1 aNothnagel, Eugene A.1 aHuffaker, Ray C.2 aAmerican Society of Plant Physiologists.2 aUniversity of California, Riverside.